000 00467nam a2200181Ia 4500
003 GCL
008 140319s9999 xx 000 0 eng d
040 _aGCL /
_cGCL
082 0 4 _a759
_bB V
100 1 _aBARRIELLE, JEAN FRANCOIS
245 1 0 _aLA VIE ET L'OEUVRE DE VINCENT VAN GOGH /
_cBARRIELLE, JEAN FRANCOIS
260 _a[S.N] :
_bACR EDITION ،
_c1989
300 _a255 P
650 0 4 _aARTS
650 0 4 _aPAINTING
650 0 4 _aVAN GOGH
942 _2ddc
_cBK
999 _c20989
_d20989